Vícejazyčný slovník ekonomických a účetních výrazů
Salvato in:
| Natura: | Libro |
|---|---|
| Lingua: | slovacco inglese tedesco francese spagnolo |
| Pubblicazione: |
Praha
Victor Print
1991
|
| Edizione: | 1. vyd. |
| Soggetti: | |
| Tags: |
Nessun Tag, puoi essere il primo ad aggiungerne!!
|
MARC
| LEADER | 00000nam a2200000 4500 | ||
|---|---|---|---|
| 001 | c000509 | ||
| 005 | 20221214095202.6 | ||
| 020 | |a 80-900994-0-8 | ||
| 041 | 0 | |a slo | |
| 041 | 0 | |a eng | |
| 041 | 0 | |a ger | |
| 041 | 0 | |a fre | |
| 041 | 0 | |a spa | |
| 044 | |a CZ | ||
| 245 | 1 | 0 | |a Vícejazyčný slovník ekonomických a účetních výrazů |
| 250 | |a 1. vyd. | ||
| 264 | 1 | |a Praha |b Victor Print |c 1991 | |
| 300 | |a 255 s. | ||
| 610 | 2 | 0 | |a terminológia |
| 610 | 2 | 0 | |a angličtina |
| 610 | 2 | 0 | |a nemčina |
| 610 | 2 | 0 | |a španielčina |
| 610 | 2 | 0 | |a francúzština |